000 00685cam a2200229 a 4500
001 1107376
003 OSt
005 20240614100609.0
008 930701s1993 sz a b 000 0 eng
010 _a 93028305
020 _a3764329351
020 _a0817629351
040 _aDDC
_cMUST
082 0 0 _a518.6
_222
100 1 _aQuartapelle, L.
_917168
245 1 0 _aNumerical solution of the incompressible Navier-Stokes equations /
260 _aBasel ;
_aBoston :
_bBirkhäuser Verlag,
_cc1993.
300 _axii, 291 p. :
_bill. ;
_c24 cm.
504 _aIncludes bibliographical references
650 0 _aNavier-Stokes equations
_xNumerical solutions.
_917169
942 _2z
_cBOOK
999 _c8446
_d8446